000 00322nam a2200133Ia 4500
005 20260328104256.0
008 260328s9999||||xx |||||||||||||| ||und||
100 _aTerragni, Emilia
245 4 _aThe Design Book /
_cEmilia Terragni
260 _bPhaidon
300 _a510 p.
650 _aDISEÑO INDUSTRIAL
942 _cBK
999 _c10431
_d10431